00410nam a2200169Ia 4500003000400000005001700004008004100021020001800062050002400080100001500104245003200119260003500151300003300186440000600219521000700225526000800232OSt20140314144655.0140130s9999 xx 000 0 und d a9780439921572 aPZ 74.1b.H335 2001 aHayes, Joe aJuan Verdades /cJoe Hayes. bScholastic,c2001.aNew York : a40 p. :bcol. ill. ;c26 cm. v1 aG4 c650